| 000 | 01633nam a2200445Ii 4500 | ||
|---|---|---|---|
| 001 | DIGDYK2505 | ||
| 003 | NyNyDIG | ||
| 006 | m o d | ||
| 007 | cr ||||||||||| | ||
| 008 | 230313s2021 sp a ob 000 0 spa d | ||
| 035 | _a(OCoLC)1308953026 | ||
| 040 |
_aDGITA _beng _erda _epn _cDGITA |
||
| 020 |
_a9788413775609 _qeBook |
||
| 050 | 1 | 4 | _aP96.D36 ebook |
| 082 | 0 | 4 | _a302.231 |
| 245 | 0 | 4 |
_aLas redes de la comunicación : _bestudios multidisciplinares actuales / _ccoordinadores, Juan C. Figuereo-Benitez, Rosalba Mancinas-Chávez. |
| 264 | 1 |
_aMadrid : _bDykinson, S.L., _c2021. |
|
| 300 |
_a1 online resource : _billustrations. |
||
| 336 |
_atext _btxt _2rdacontent |
||
| 337 |
_acomputer _bc _2rdamedia |
||
| 338 |
_aonline resource _bcr _2rdacarrier |
||
| 347 |
_atext file _2rdaft |
||
| 347 | _bPDF | ||
| 490 | 1 | _aColección Conocimiento contemporáneo | |
| 504 | _aIncludes bibliographical references. | ||
| 588 | 0 | _aOnline resource; title from ePub title page (Digitalia, viewed March 13, 2023) | |
| 650 | 0 |
_aCommunication _xData processing. |
|
| 650 | 0 | _aCommunication. | |
| 650 | 0 | _aTechnology and civilization. | |
| 650 | 0 | _aOnline social networks. | |
| 650 | 0 | _aMultimedia systems. | |
| 700 | 1 |
_aFiguereo-Benitez, Juan C., _eeditor. |
|
| 700 | 1 |
_aMancinas Chávez, Rosalba, _eeditor. |
|
| 791 | 2 |
_aDigitalia (Firm), _edistributor. |
|
| 793 | 0 |
_gDigitalia eBook Collection: _aDykinson Editorial |
|
| 830 | 0 | _aColección Conocimiento contemporáneo. | |
| 856 | 4 | 0 |
_3Digitalia Hispánica _uhttps://www.digitaliapublishing.com/a/113628/ |
| 910 | _aPremium collection: 2023 | ||
| 942 | _cRAA | ||
| 999 |
_c274351 _d274351 |
||